000 00906nam a2200229 a 4500
001 22487
003 CO-ViMGA
008 141112s2004 ck r 000 u spa d
040 _aCO-ViMGA
_bspa
_cCO-ViMGA
082 0 4 _a658.4092 A734h
100 1 _aAtehortúa Rueda, Jose Silvestre
_931906
245 1 0 _aHabilidades gerenciales :
_bel líder creativo, los equipos de trabajo y la comunicación
260 _aBogotá :
_bUniversidad Coperativa de colombia,
_c2005
300 _a87
490 _aLibros de texto
505 _aIdentificación del liderazgo 13 - 39 - - La comunicación 41 - 59 - - El liderazgo creativo y el trabajo en euipo 61 - 83
590 _aForma de adquisición : Donación - - Precio : 13000 - - Fecha de adquisición : 2008
650 1 4 _aACTITUD DE MANDO
_931907
650 1 4 _aCOMUNICACION EN ADMINISTRACION
_919099
650 1 4 _aEXITO ADMINISTRATIVO
_96018
942 _2ddc
_cBK
999 _c30793
_d30793